| 000 | 01118nac a22002651u 4500 | ||
|---|---|---|---|
| 008 | 100905t xxu||||| |||| 00| 0 eng d | ||
| 010 | _a89019960 | ||
| 020 | _a0852741006 | ||
| 082 | 0 | 0 |
_a620.197 _bBAR |
| 100 |
_aBarakat, N., _917920 |
||
| 245 | 1 | 0 |
_aInterferometry of Fibrous Materials / _cN. Barakat and A.A. Hamza. |
| 260 |
_aBristol ; _aNew York : _bA. Hilger, _cc1990. |
||
| 300 |
_axv, 161 p., 3 p. of plates : _bill. (some col.) ; _c24 cm. |
||
| 440 | 4 | _917921 | |
| 490 |
_917921 _aThe Adam Hilger series on optics and optoelectronics |
||
| 500 | _aDonations. | ||
| 500 | _aDonations - Dr. Ahmed Hamza. | ||
| 504 | _aIncludes bibliographical references and indexes | ||
| 650 | 0 |
_aFibers _xOptical properties. _917922 |
|
| 650 | 0 |
_aInterferometry. _917923 |
|
| 700 | 1 |
_aHamza, A. A. _917924 |
|
| 856 | 4 | 2 |
_3Publisher description _uhttp://www.loc.gov/catdir/enhancements/fy0653/89019960-d.html |
| 942 |
_cBB _k620.197BAR _2ddc |
||
| 999 |
_c611 _d611 |
||